Borges oral
Compilación de cinco conferencias impartidas por Jorge Luis Borges en la Universidad de Belgrano en 1978. Los temas principales fueron: el libro, la inmortalidad, la conferencia de Emanuel Swedenborg sobre la salvación, el cuento policial y el tiempo. Las charlas se fundamentaban en el conocimiento...
Uloženo v:
| Hlavní autor: | |
|---|---|
| Médium: | Kniha |
| Jazyk: | Undetermined |
| Vydáno: |
Buenos Aires, Argentina
Editorial Bruguera
1983
|
| Vydání: | 3 |
| Témata: | |
| Tagy: |
Přidat tag
Žádné tagy, Buďte první, kdo vytvoří štítek k tomuto záznamu!
|
MARC
| LEADER | 00000nam a2200000Ia 4500 | ||
|---|---|---|---|
| 008 | 170316s9999 xx 000 0 und d | ||
| 040 | |a cru BVZT | ||
| 090 | |a 860 B-32bo | ||
| 100 | |a Borges, Jorge Luis |9 1174 | ||
| 245 | |a Borges oral |c / Jorge Luis Borges | ||
| 250 | |a 3 | ||
| 260 | |a Buenos Aires, Argentina |b Editorial Bruguera |c 1983 | ||
| 300 | |a 121 páginas | ||
| 520 | |a Compilación de cinco conferencias impartidas por Jorge Luis Borges en la Universidad de Belgrano en 1978. Los temas principales fueron: el libro, la inmortalidad, la conferencia de Emanuel Swedenborg sobre la salvación, el cuento policial y el tiempo. Las charlas se fundamentaban en el conocimiento de Borges así como la investigación en varias fuentes para crear su propio criterio sobre estos ejes principales | ||
| 650 | |a LITERATURA LATINOAMERICANA |9 15 | ||
| 650 | |a EL LIBRO |9 1177 | ||
| 650 | |a LA INMORTALIDAD |9 1178 | ||
| 650 | |a EMANUEL SWEDENBORG |9 1179 | ||
| 650 | |a EL CUENTO POLICIAL |9 1180 | ||
| 650 | |a EL TIEMPO |9 1181 | ||
| 650 | |a BORGES ORAL |9 1182 | ||
| 650 | |a BIOGRAFÍA |9 710 | ||
| 999 | |c 8426 |d 8426 | ||
| 942 | |c 15 D |h 860 B-32bo |2 z | ||
